[Event "18th "]
[Site "Senta"]
[Date "2014.07.23"]
[Round "6.3"]
[White "Kosanovic, Goran A"]
[Black "Nagy, Attila N"]
[Result "1-0"]
[WhiteElo "2394"]
[BlackElo "2212"]
[PlyCount "75"]
[EventDate "2014.07.19"]

1. e4 e5 2. Nf3 Nc6 3. Bc4 Nf6 4. d4 exd4 5. e5 Ne4 6. Bd5 Nc5 7. O-O Be7 8.
Re1 Ne6 9. Nbd2 O-O 10. Nb3 d3 11. cxd3 a5 12. Be3 a4 13. Nbd4 Ra5 14. Nxc6
bxc6 15. Be4 f5 16. exf6 Bxf6 17. d4 d5 18. Bc2 a3 19. b4 Rb5 20. Rb1 Qd6 21.
Qd3 g6 22. Qxa3 Be7 23. Bd2 Bd7 24. Qe3 Bf6 25. Ne5 Bc8 26. f4 Ng7 27. a4 Rb8
28. b5 cxb5 29. Bb4 c5 30. Bxc5 Qc7 31. axb5 Nf5 32. Qb3 Rd8 33. b6 Qb7 34. Ra1
Ra8 35. Rxa8 Qxa8 36. Bxf5 Bxf5 37. b7 Qa5 38. Rd1 1-0

[Event "18th "]
[Site "Senta"]
[Date "2014.07.23"]
[Round "6.4"]
[White "Scepanovic, Labud"]
[Black "Atalik, Suat"]
[Result "0-1"]
[WhiteElo "2144"]
[BlackElo "2550"]
[PlyCount "38"]
[EventDate "2014.07.19"]

1. g3 d5 2. Bg2 e5 3. d4 exd4 4. Qxd4 Nf6 5. Nc3 c5 6. Qd3 Be6 7. Bg5 c4 8. Qd2
Bb4 9. e3 Nbd7 10. Nge2 Qb6 11. a3 Ba5 12. O-O Ne4 13. Bxe4 dxe4 14. b4 cxb3
15. cxb3 Ne5 16. Nd4 Bxb3 17. Rab1 Rc8 18. Rfc1 O-O 19. Qb2 Nd3 0-1

[Event "18th "]
[Site "Senta"]
[Date "2014.07.23"]
[Round "6.5"]
[White "Jovanovic, Aleksandar D"]
[Black "Nadj Hedjesi, Balind"]
[Result "0-1"]
[WhiteElo "2234"]
[BlackElo "2414"]
[PlyCount "68"]
[EventDate "2014.07.19"]

1. e4 c5 2. Nc3 a6 3. g3 b5 4. Bg2 Bb7 5. d3 e6 6. Nh3 Nf6 7. O-O d5 8. e5 Nfd7
9. f4 g6 10. Ne2 h5 11. Ng5 Be7 12. h4 Nc6 13. c3 Bxg5 14. hxg5 Ne7 15. a4 Nf5
16. Kf2 Qb6 17. axb5 axb5 18. Rxa8+ Bxa8 19. Rh1 Rf8 20. c4 Ke7 21. cxd5 Bxd5
22. Bxd5 exd5 23. Nc3 Ke6 24. g4 hxg4 25. Qxg4 c4+ 26. Kg2 b4 27. Ne4 dxe4 28.
dxe4 Qc6 29. Re1 Nc5 30. Qe2 Nd3 31. Rh1 Ke7 32. Bd2 Nd4 33. Qe3 Ne6 34. Kf3
Rd8 0-1

[Event "18th "]
[Site "Senta"]
[Date "2014.07.23"]
[Round "6.6"]
[White "Obodchuk, Andrei"]
[Black "Sarnyai, Daniel"]
[Result "1-0"]
[WhiteElo "2374"]
[BlackElo "1851"]
[PlyCount "73"]
[EventDate "2014.07.19"]

1. e4 c5 2. Nf3 e6 3. d4 cxd4 4. Nxd4 Nf6 5. Nc3 a6 6. e5 Nd5 7. Nxd5 exd5 8.
Nf3 Qa5+ 9. Bd2 Qb6 10. Bd3 Bc5 11. O-O O-O 12. Ng5 g6 13. c4 d6 14. e6 Bxe6
15. cxd5 Bxd5 16. Nxh7 Kxh7 17. Qh5+ Kg8 18. Bxg6 fxg6 19. Qxg6+ Kh8 20. Bc3+
Bd4 21. Qh5+ Kg7 22. Qg4+ Kh6 23. Bxd4 Qc7 24. Be3+ Kh7 25. Qh5+ Kg8 26. Qxd5+
Rf7 27. Rac1 Nc6 28. Rfd1 Rd8 29. h3 Kh7 30. Rc4 Qd7 31. Rh4+ Kg8 32. Rg4+ Kh8
33. Bd2 Rf5 34. Bc3+ Kh7 35. Qd3 Qe6 36. Rg7+ Kh6 37. Qd2+ 1-0

[Event "18th "]
[Site "Senta"]
[Date "2014.07.23"]
[Round "6.7"]
[White "Farkas, Tibor"]
[Black "Lazov, Toni"]
[Result "1-0"]
[WhiteElo "2246"]
[BlackElo "2001"]
[PlyCount "107"]
[EventDate "2014.07.19"]

1. e4 c5 2. Nf3 d6 3. d4 cxd4 4. Nxd4 Nf6 5. Nc3 a6 6. Be3 e5 7. Nb3 Be6 8. h3
Be7 9. f4 Nc6 10. Qe2 exf4 11. Bxf4 Ne5 12. O-O-O Qc7 13. Nd4 Rc8 14. g4 Qa5
15. Nb3 Qc7 16. g5 Nfd7 17. Nd5 Bxd5 18. exd5 O-O 19. Kb1 b5 20. Nd4 Rfe8 21.
h4 Nc4 22. Qf2 Ndb6 23. Bh3 Nxb2 24. Rdf1 Qc4 25. Bxc8 Rxc8 26. Bd2 Qxd5 27.
Kxb2 Nc4+ 28. Ka1 Na3 29. Rc1 Rc4 30. c3 Ra4 31. Nb3 Nc2+ 32. Kb2 Na3 33. Rhe1
Nc4+ 34. Ka1 Bf8 35. Qd4 Qg2 36. Qe4 Qh2 37. Re2 Nxd2 38. Rxd2 Qg3 39. Qd5 Qxh4
40. Nd4 Qf4 41. Rcd1 Rc4 42. Rd3 Rc5 43. Rf3 Rxd5 44. Rxf4 Rxg5 45. Rdf1 Be7
46. Rxf7 Bf6 47. Rb7 Rc5 48. Kb2 h5 49. Rf3 h4 50. Kb3 Rh5 51. Rh3 g5 52. Rf3
Bxd4 53. cxd4 h3 54. Rc3 1-0

[Event "18th "]
[Site "Senta"]
[Date "2014.07.23"]
[Round "6.8"]
[White "Stanojevic, Branko"]
[Black "Uzumcu, Ahmet Utku"]
[Result "1-0"]
[WhiteElo "2251"]
[BlackElo "1780"]
[PlyCount "135"]
[EventDate "2014.07.19"]

1. Nf3 Nf6 2. g3 g6 3. b3 Bg7 4. Bb2 O-O 5. Bg2 d5 6. c4 Re8 7. O-O c6 8. Qc2
Bf5 9. d3 Nbd7 10. Nd4 Nf8 11. Nxf5 gxf5 12. e3 Ng6 13. Bh3 e6 14. Nd2 Nd7 15.
d4 Nf6 16. Rac1 Rc8 17. b4 h5 18. Qb3 h4 19. Rc2 hxg3 20. hxg3 Ne4 21. Nf3 Nd6
22. cxd5 cxd5 23. Rfc1 Rxc2 24. Rxc2 Nc4 25. b5 Qe7 26. Bf1 Nxb2 27. Qxb2 e5
28. dxe5 Nxe5 29. Nxe5 Bxe5 30. Qc1 Qf6 31. Bg2 d4 32. Rc8 Rxc8 33. Qxc8+ Kg7
34. exd4 Bxd4 35. Qxb7 Qe5 36. Kf1 Qc5 37. Bd5 Qf8 38. Qd7 Bb6 39. Qxf5 Qe7 40.
Kg2 Qf6 41. Qxf6+ Kxf6 42. f4 Ke7 43. g4 f6 44. Kf3 Kd6 45. Bb3 Kc5 46. Ke4 Kd6
47. Kf5 Ke7 48. a4 Ba5 49. g5 fxg5 50. fxg5 Bc3 51. g6 Bb2 52. a5 Kd6 53. Bc4
Bd4 54. Ke4 Bg7 55. b6 axb6 56. a6 Kc7 57. Kd5 Kb8 58. Ke6 Ka7 59. Kf7 Bd4 60.
g7 Bxg7 61. Kxg7 Ka8 62. Kf7 Ka7 63. Ke7 Ka8 64. Kd7 Kb8 65. Kc6 Ka7 66. Kc7 b5
67. Bxb5 Ka8 68. Kb6 1-0

[Event "18th "]
[Site "Senta"]
[Date "2014.07.23"]
[Round "6.9"]
[White "Andrijevic, Milan"]
[Black "Kecskemeti, Arpad"]
[Result "0-1"]
[WhiteElo "2336"]
[BlackElo "1966"]
[PlyCount "98"]
[EventDate "2014.07.19"]

1. e4 c5 2. Nf3 d6 3. d4 cxd4 4. Nxd4 Nf6 5. Nc3 a6 6. Be2 e5 7. Nb3 Be6 8. f4
Qc7 9. O-O Nbd7 10. Nd5 Bxd5 11. exd5 Be7 12. c4 b6 13. Qd3 O-O 14. Qh3 Rfe8
15. Be3 a5 16. Bd3 e4 17. Be2 b5 18. Rac1 bxc4 19. Bxc4 Nc5 20. Nd4 Nfd7 21.
Bb5 Rab8 22. a4 Bf6 23. g4 Rf8 24. Nc6 Ra8 25. g5 Bd8 26. Nd4 Nb6 27. Bc6 Rb8
28. f5 Nbd7 29. g6 Nf6 30. Nb5 Qe7 31. Nxd6 Nd3 32. Nxf7 Nxc1 33. Rxc1 Bb6 34.
Bxb6 Rxb6 35. Bb5 Qb4 36. Qc3 Qxc3 37. bxc3 hxg6 38. fxg6 Nxd5 39. Bc4 Rxg6+
40. Kh1 Kxf7 41. Bxd5+ Ke7 42. Bxe4 Re6 43. Bd5 Re2 44. Rg1 Kd6 45. c4 Rff2 46.
Rxg7 Rxh2+ 47. Kg1 Rb2 48. Rg5 Rhc2 49. Bg2 Rxc4 0-1

[Event "18th "]
[Site "Senta"]
[Date "2014.07.23"]
[Round "6.10"]
[White "Csikos, Mihaly"]
[Black "Nestorovic, Lazar"]
[Result "0-1"]
[WhiteElo "2058"]
[BlackElo "2331"]
[PlyCount "74"]
[EventDate "2014.07.19"]

1. d4 Nf6 2. Nf3 e6 3. c4 b6 4. g3 Bb7 5. Bg2 Be7 6. O-O O-O 7. Nc3 Ne4 8. Qc2
Nxc3 9. bxc3 f5 10. Ne1 Bxg2 11. Kxg2 Qc8 12. f4 Nc6 13. Qa4 Na5 14. Nd3 c5 15.
Ba3 d6 16. dxc5 dxc5 17. Rab1 Qb7+ 18. Kf2 Qc7 19. Rfe1 Bf6 20. Bb2 e5 21. e4
fxe4 22. Rxe4 exf4 23. gxf4 Rad8 24. Rd1 Qb7 25. Ke3 Qc8 26. Nf2 Bh4 27. Rxd8
Qxd8 28. Qc2 Nb7 29. Qe2 Nd6 30. Re5 Bxf2+ 31. Kxf2 Qh4+ 32. Kg1 Qxf4 33. Re7
h6 34. Qg2 Nf5 35. Re4 Qd6 36. Qe2 Qf6 37. Qh5 Ng3 0-1

[Event "18th "]
[Site "Senta"]
[Date "2014.07.23"]
[Round "6.11"]
[White "Marjanovics, Annamaria"]
[Black "Simonyi, Zoltan"]
[Result "0-1"]
[WhiteElo "2051"]
[BlackElo "2262"]
[PlyCount "128"]
[EventDate "2014.07.19"]

1. e4 c5 2. Nf3 Nc6 3. d4 cxd4 4. Nxd4 g6 5. c4 Bg7 6. Nc2 d6 7. Be2 Qa5+ 8.
Bd2 Qb6 9. Nc3 Be6 10. O-O Rc8 11. b3 Nh6 12. Rc1 f5 13. Ne3 O-O 14. exf5 Nxf5
15. Nxf5 Bxf5 16. Nd5 Qd8 17. Bc3 Rf7 18. Bxg7 Rxg7 19. Nf4 Qd7 20. c5 dxc5 21.
Qxd7 Bxd7 22. Rxc5 e5 23. Nd5 Rf7 24. Ne3 Re7 25. Nd5 Rf7 26. Rcc1 Kg7 27. Bc4
Be6 28. Ne3 Nd4 29. Rce1 Re7 30. f3 Rc5 31. Rf2 b5 32. Bxe6 Rxe6 33. Rd2 h5 34.
Kf2 a5 35. Rdd1 Kf6 36. Rc1 Rec6 37. Rxc5 Rxc5 38. Rb1 b4 39. Rd1 Ke6 40. Kg3
Rc3 41. Nf1 Nxb3 42. axb3 Rxb3 43. Ra1 Ra3 44. Rd1 a4 45. Rb1 b3 46. Ne3 b2 47.
Rxb2 Rxe3 48. Rb6+ Kf5 49. Ra6 a3 50. h3 Kg5 51. Kf2 Rb3 52. g4 Rb2+ 53. Ke3 a2
54. Ke4 Re2+ 55. Kd3 Rh2 56. Ke4 Kh4 57. Kxe5 Kxh3 58. gxh5 gxh5 59. f4 Re2+
60. Kf5 h4 61. Kg5 Rg2+ 62. Kh5 Kg3 63. f5 h3 64. Ra3+ Kf4 0-1

[Event "18th "]
[Site "Senta"]
[Date "2014.07.23"]
[Round "6.12"]
[White "Juhasz, Bencze"]
[Black "Kiproski, Branislav"]
[Result "0-1"]
[WhiteElo "2033"]
[BlackElo "2139"]
[PlyCount "58"]
[EventDate "2014.07.19"]

1. e4 d6 2. d4 Nf6 3. Bd3 e5 4. d5 Be7 5. Nf3 O-O 6. c4 a5 7. Nc3 Na6 8. h3 Ne8
9. Be3 b6 10. a3 Bd7 11. Bc2 g6 12. Ba4 f5 13. Bxd7 Qxd7 14. Bh6 Ng7 15. Qc2
Nc5 16. h4 fxe4 17. Nxe4 Qg4 18. Nxc5 bxc5 19. h5 e4 20. hxg6 exf3 21. gxh7+
Kh8 22. gxf3 Rxf3 23. Bxg7+ Kxg7 24. O-O-O Qf4+ 25. Kb1 Qf5 26. Rdg1+ Kh8 27.
Rg2 Qxc2+ 28. Kxc2 Raf8 29. Rg6 a4 0-1

[Event "18th "]
[Site "Senta"]
[Date "2014.07.23"]
[Round "6.13"]
[White "Drogovoz, Maria"]
[Black "Savic, Dragan"]
[Result "1-0"]
[WhiteElo "1952"]
[BlackElo "2104"]
[PlyCount "119"]
[EventDate "2014.07.19"]

1. e4 e6 2. d3 d5 3. Qe2 dxe4 4. dxe4 e5 5. Nf3 Nc6 6. c3 Bg4 7. h3 Bxf3 8.
Qxf3 Bc5 9. Bc4 Qf6 10. Nd2 Qxf3 11. Nxf3 Nf6 12. Nd2 a6 13. b4 Bb6 14. O-O O-O
15. Re1 Ne7 16. Nf3 Ng6 17. Be3 Bxe3 18. Rxe3 Rad8 19. g3 Rd7 20. Kf1 Rfd8 21.
Ke2 b5 22. Bb3 c5 23. bxc5 Rc7 24. a4 Rxc5 25. axb5 axb5 26. Ra7 Rd7 27. Rxd7
Nxd7 28. Ng5 Nh8 29. Rd3 Rc7 30. Ne6 Ra7 31. Nc5 Nf8 32. Rd5 Nhg6 33. Nd3 Rb7
34. Nxe5 Nxe5 35. Rxe5 g6 36. Ke3 b4 37. c4 Nd7 38. Rb5 Rc7 39. Rxb4 Nc5 40.
Kd4 Ne6+ 41. Kd5 Rd7+ 42. Kc6 Rd3 43. Ba4 Rd2 44. Kb6 Rxf2 45. Bd7 Rf3 46. Bxe6
fxe6 47. c5 Rxg3 48. c6 Rxh3 49. Rc4 Rb3+ 50. Kc5 Rb8 51. c7 Rc8 52. Kd6 Kf7
53. e5 Ke8 54. Rb4 Kf7 55. Kd7 Rxc7+ 56. Kxc7 g5 57. Kd6 h5 58. Rb7+ Kg6 59.
Kxe6 g4 60. Kd7 1-0

[Event "18th "]
[Site "Senta"]
[Date "2014.07.23"]
[Round "6.14"]
[White "Bernath, Robert"]
[Black "Drogovoz, Irina"]
[Result "0-1"]
[WhiteElo "2102"]
[BlackElo "2073"]
[PlyCount "48"]
[EventDate "2014.07.19"]

1. e4 c5 2. Nf3 d6 3. d4 cxd4 4. Nxd4 Nf6 5. Nc3 e6 6. Be3 a6 7. f3 b5 8. Qd2
Nbd7 9. O-O-O Bb7 10. g4 h6 11. Kb1 b4 12. Na4 Qa5 13. b3 Nc5 14. a3 Nxa4 15.
axb4 Qc7 16. bxa4 d5 17. e5 Nd7 18. f4 Nb6 19. Bd3 Nxa4 20. Ne2 d4 21. Bxd4
Bxh1 22. Rxh1 Qb7 23. Qc1 Qxb4+ 24. Ka1 Qa5 0-1

[Event "18th "]
[Site "Senta"]
[Date "2014.07.23"]
[Round "6.15"]
[White "Kumic, Filip"]
[Black "Sakic, Lorand"]
[Result "1-0"]
[WhiteElo "2248"]
[BlackElo "2024"]
[PlyCount "57"]
[EventDate "2014.07.19"]

1. Nf3 Nf6 2. c4 g6 3. Nc3 c5 4. d4 Bg7 5. d5 d6 6. Bf4 a6 7. a4 e6 8. h3 exd5
9. cxd5 O-O 10. Nd2 Re8 11. e3 Nh5 12. Bh2 Be5 13. Bxe5 Rxe5 14. Nc4 Re8 15.
Be2 Ng7 16. a5 Qc7 17. Qc2 f5 18. O-O Nd7 19. Na4 Ne5 20. Ncb6 Rb8 21. b4 Bd7
22. Rfc1 Bxa4 23. Qxa4 Qe7 24. bxc5 dxc5 25. Qa3 f4 26. exf4 Nd7 27. d6 Qxe2
28. Nxd7 Red8 29. Nxb8 1-0

[Event "18th "]
[Site "Senta"]
[Date "2014.07.23"]
[Round "6.16"]
[White "Toth, Kazmer"]
[Black "Vranic, Ljubomir"]
[Result "0-1"]
[WhiteElo "1964"]
[BlackElo "2218"]
[PlyCount "150"]
[EventDate "2014.07.19"]

1. d4 Nf6 2. c4 b6 3. Nf3 Bb7 4. g3 Bxf3 5. exf3 e6 6. Bg2 c6 7. O-O d5 8. b3
Be7 9. Bb2 O-O 10. Nc3 Qc8 11. Qe2 Qa6 12. Rfd1 Ba3 13. Bf1 Rc8 14. Rab1 Qa5
15. Ba1 Nbd7 16. Rd2 Ne8 17. Rc2 Nd6 18. Rd1 Nf5 19. Nb1 Be7 20. a3 Bf6 21. f4
Qa6 22. g4 Nd6 23. g5 Be7 24. h4 Qb7 25. Bh3 Nf8 26. f3 Ng6 27. Qh2 Nxh4 28.
Bg4 Ng6 29. Kf2 Nf8 30. Nd2 Nf5 31. b4 a5 32. c5 axb4 33. axb4 bxc5 34. bxc5
Ra4 35. Bxf5 exf5 36. Bc3 Qa6 37. Nf1 Ra2 38. Kg3 Rxc2 39. Qxc2 Rb8 40. Qxf5
Ne6 41. Qd3 Qxd3 42. Rxd3 Bd8 43. Bd2 Ra8 44. Be3 Bc7 45. Kg4 Ra1 46. Ng3 Ra4
47. f5 Nxc5 48. Rc3 Nd7 49. f4 c5 50. Ne2 c4 51. Bc1 Bd6 52. Re3 Kf8 53. Nc3
Ra5 54. Rh3 h6 55. gxh6 Nf6+ 56. Kg5 Be7 57. hxg7+ Kxg7 58. Re3 Bd8 59. Kh4 Ra1
60. Bb2 Rf1 61. Ne2 Ne4+ 62. Kg4 Bf6 63. Ng3 Rg1 64. Kh3 Rxg3+ 65. Rxg3+ Nxg3
66. Kxg3 Be7 67. Bc3 Ba3 68. f6+ Kg6 69. Kg4 Bc1 70. Be1 Bb2 71. f5+ Kxf6 72.
Bh4+ Kg7 73. Bf2 c3 74. Be3 c2 75. Kf4 f6 0-1

[Event "18th "]
[Site "Senta"]
[Date "2014.07.23"]
[Round "6.18"]
[White "Vlajkovic, Goran"]
[Black "Molnar Gabor, Roland"]
[Result "1/2-1/2"]
[WhiteElo "2130"]
[BlackElo "1956"]
[PlyCount "26"]
[EventDate "2014.07.19"]

1. d4 Nf6 2. c4 g6 3. Nc3 d5 4. cxd5 Nxd5 5. e4 Nxc3 6. bxc3 Bg7 7. Be3 c5 8.
Qd2 Qa5 9. Rb1 a6 10. Nf3 Nc6 11. Rd1 Bg4 12. Bc4 O-O 13. Bd5 Rfd8 1/2-1/2

[Event "18th "]
[Site "Senta"]
[Date "2014.07.23"]
[Round "6.21"]
[White "Solymosi, Andras"]
[Black "Marjanovics, Gyorgy"]
[Result "0-1"]
[WhiteElo "1858"]
[BlackElo "2070"]
[PlyCount "76"]
[EventDate "2014.07.19"]

1. c4 Nf6 2. Nf3 e6 3. g3 d5 4. d4 c6 5. b3 Bd6 6. Bg2 O-O 7. O-O Nbd7 8. Nc3
b6 9. Bg5 h6 10. Bf4 Qc7 11. e3 Ba6 12. Nd2 e5 13. dxe5 Nxe5 14. Rc1 dxc4 15.
Bxe5 Bxe5 16. Nxc4 Bxc4 17. bxc4 Rad8 18. Qc2 Rd7 19. Rfd1 Rfd8 20. Ne4 Ne8 21.
Bh3 Rxd1+ 22. Rxd1 g6 23. f4 Bg7 24. Rd3 f5 25. Nf2 Rxd3 26. Qxd3 Qd6 27. Bg2
Qxd3 28. Nxd3 c5 29. e4 Bd4+ 30. Kf1 fxe4 31. Bxe4 Kg7 32. Ke2 Kf6 33. Ne1 Nd6
34. Kd3 b5 35. cxb5 Bf2 36. Ng2 c4+ 37. Ke2 Nxe4 38. Kf3 c3 0-1

[Event "18th "]
[Site "Senta"]
[Date "2014.07.23"]
[Round "6.24"]
[White "Grbin, Stefan"]
[Black "Cvetanovic, Damjan"]
[Result "0-1"]
[WhiteElo "1635"]
[BlackElo "2027"]
[PlyCount "54"]
[EventDate "2014.07.19"]

1. c4 d6 2. Nc3 g6 3. g3 Bg7 4. Bg2 c5 5. e4 Nc6 6. Nge2 Nf6 7. d3 O-O 8. O-O
Bd7 9. h3 a6 10. a4 Rb8 11. f4 Nd4 12. e5 Ne8 13. exd6 Nxd6 14. a5 Bc6 15. Nd5
N6f5 16. Kh2 e6 17. Nb6 Qc7 18. Nc3 Rfd8 19. Ne4 h5 20. h4 Nh6 21. Bh3 Ng4+ 22.
Bxg4 hxg4 23. Qxg4 f5 24. Qxg6 fxe4 25. dxe4 Qf7 26. Qg5 Bxe4 27. Qxc5 Nb3 0-1

[Event "18th "]
[Site "Senta"]
[Date "2014.07.23"]
[Round "6.31"]
[White "Jancikin, Svetozar"]
[Black "Farkas, Sandor I"]
[Result "1-0"]
[WhiteElo "2027"]
[BlackElo "1901"]
[PlyCount "55"]
[EventDate "2014.07.19"]

1. e4 c5 2. Nf3 d6 3. d4 cxd4 4. Nxd4 Nf6 5. Nc3 a6 6. Bc4 e6 7. Bg5 Be7 8. f4
b5 9. Bb3 Qc7 10. O-O O-O 11. Kh1 Nc6 12. f5 Nxd4 13. Qxd4 Ng4 14. Bxe7 Qxe7
15. Rad1 b4 16. e5 Nxe5 17. f6 gxf6 18. Ne4 f5 19. Nxd6 Ng4 20. h3 Nf6 21. Qe5
Nd7 22. Qe3 Qh4 23. Nxc8 Nf6 24. Ne7+ Kh8 25. Qe5 h6 26. Rd4 Qg5 27. Nxf5 Rg8
28. Rg4 1-0

[Event "18th "]
[Site "Senta"]
[Date "2014.07.24"]
[Round "7.1"]
[White "Vucinic, Gojko"]
[Black "Obodchuk, Andrei"]
[Result "1/2-1/2"]
[WhiteElo "2313"]
[BlackElo "2374"]
[PlyCount "98"]
[EventDate "2014.07.19"]

1. e4 c5 2. Nf3 e6 3. d4 cxd4 4. Nxd4 Nf6 5. Nc3 d6 6. g4 h6 7. h4 e5 8. Bb5+
Nbd7 9. Nf5 a6 10. Bxd7+ Qxd7 11. g5 hxg5 12. Bxg5 Nxe4 13. Nxg7+ Bxg7 14. Nxe4
Qc6 15. Nxd6+ Kf8 16. f3 Be6 17. Ne4 Rc8 18. Rh2 f5 19. Qd6+ Kg8 20. Qxc6 Rxc6
21. Ng3 Kf7 22. h5 Bh6 23. Bxh6 Rxh6 24. a4 Kf6 25. b3 Bd5 26. Rf2 f4 27. Nf1
Rxh5 28. Rd1 Be6 29. c4 Rh1 30. Rh2 Rxh2 31. Nxh2 b5 32. axb5 axb5 33. cxb5 Rb6
34. b4 Rxb5 35. Rb1 Bf5 36. Rb2 Ke6 37. Kd2 Rb8 38. b5 Kd6 39. b6 Kc6 40. Ng4
Rd8+ 41. Ke1 Bxg4 42. b7 Bxf3 43. b8=Q Rxb8 44. Rxb8 Kd5 45. Kf2 Bg4 46. Rb5+
Ke6 47. Rb6+ Kf5 48. Rb5 Bh5 49. Ra5 Bf7 1/2-1/2

[Event "18th "]
[Site "Senta"]
[Date "2014.07.24"]
[Round "7.2"]
[White "Atalik, Suat"]
[Black "Kosanovic, Goran A"]
[Result "1/2-1/2"]
[WhiteElo "2550"]
[BlackElo "2394"]
[PlyCount "89"]
[EventDate "2014.07.19"]

1. d4 Nf6 2. c4 c5 3. d5 e5 4. Nc3 d6 5. e4 Be7 6. Nf3 Nbd7 7. g3 a6 8. a4 b6
9. h4 h5 10. Be2 g6 11. Nd2 a5 12. Nb5 Nb8 13. b3 Na6 14. Bb2 Nb4 15. f3 Bf8
16. Nb1 Bh6 17. N1c3 Ba6 18. Bc1 Bxc1 19. Qxc1 Bxb5 20. Nxb5 Qe7 21. Qd2 O-O-O
22. O-O-O Kb7 23. Qg5 Rhe8 24. Rdf1 Na6 25. Rf2 Nc7 26. Nc3 Nd7 27. Bf1 Qf8 28.
g4 Qh8 29. gxh5 gxh5 30. Rg2 Rg8 31. Qe3 Rxg2 32. Bxg2 Rg8 33. Bh3 Nf8 34. Bf5
Ng6 35. Bxg6 Rxg6 36. Rg1 Qf6 37. Rg5 Rxg5 38. Qxg5 Qxf3 39. Kd2 f6 40. Qg7
Qf4+ 41. Ke2 Qxh4 42. Nb5 Qxe4+ 43. Kd2 Qf4+ 44. Kc2 Qf2+ 45. Kb1 1/2-1/2

[Event "18th "]
[Site "Senta"]
[Date "2014.07.24"]
[Round "7.3"]
[White "Nadj Hedjesi, Balind"]
[Black "Radusinovic, Lazar"]
[Result "1-0"]
[WhiteElo "2414"]
[BlackElo "2318"]
[PlyCount "81"]
[EventDate "2014.07.19"]

1. d4 Nf6 2. Nf3 e6 3. c4 b6 4. g3 Ba6 5. Qa4 Be7 6. Bg2 Bb7 7. Nc3 O-O 8. O-O
c5 9. Rd1 cxd4 10. Nxd4 Bxg2 11. Kxg2 Qc8 12. Ndb5 Qc6+ 13. f3 Rc8 14. Bf4 a6
15. Nd6 Bxd6 16. Rxd6 Qxc4 17. Rxb6 Qxa4 18. Nxa4 Nc6 19. Rc1 h6 20. Kf2 a5 21.
Rb5 Nd5 22. Bd6 Kh7 23. Rc4 Ncb4 24. Rxc8 Rxc8 25. a3 Nc6 26. e4 Nf6 27. Nb6
Nd4 28. Rc5 Rxc5 29. Bxc5 Nc6 30. Bd6 Ne8 31. e5 f6 32. Nxd7 fxe5 33. Bxe5 Kg6
34. Ke3 Kf5 35. g4+ Kg6 36. Kd3 Kf7 37. Bc3 Ke7 38. Ne5 Na7 39. Bxa5 Kd6 40.
Bc3 Nc7 41. Nc4+ 1-0

[Event "18th "]
[Site "Senta"]
[Date "2014.07.24"]
[Round "7.4"]
[White "Zivkovic, Nemanja"]
[Black "Nestorovic, Dejan"]
[Result "1/2-1/2"]
[WhiteElo "2284"]
[BlackElo "2408"]
[PlyCount "67"]
[EventDate "2014.07.19"]

1. e4 c5 2. Nf3 e6 3. c3 Nf6 4. d3 d6 5. Nbd2 Be7 6. d4 O-O 7. dxc5 dxc5 8. Be2
b6 9. O-O Bb7 10. Qc2 Qc7 11. Re1 Nc6 12. a4 Rfd8 13. Nc4 Na5 14. Nfd2 Nxc4 15.
Bxc4 Qf4 16. f3 Qh4 17. Rd1 Nd7 18. Nf1 Ne5 19. Rxd8+ Rxd8 20. Be2 Bd6 21. Be3
Qe7 22. a5 Qc7 23. axb6 axb6 24. Bb5 h5 25. Qf2 Ng6 26. b4 Rc8 27. Rd1 Ne5 28.
Kh1 cxb4 29. Bxb6 Qe7 30. cxb4 Bxb4 31. Qb2 Bc3 32. Qb3 Qb4 33. Qxb4 Bxb4 34.
Rd8+ 1/2-1/2

[Event "18th "]
[Site "Senta"]
[Date "2014.07.24"]
[Round "7.5"]
[White "Nestorovic, Lazar"]
[Black "Farkas, Tibor"]
[Result "1-0"]
[WhiteElo "2331"]
[BlackElo "2246"]
[PlyCount "43"]
[EventDate "2014.07.19"]

1. e4 c5 2. Nf3 d6 3. d4 cxd4 4. Nxd4 Nf6 5. Nc3 a6 6. Bg5 Nbd7 7. Qd3 b5 8.
Nd5 Bb7 9. Bxf6 gxf6 10. Qh3 Nc5 11. O-O-O h5 12. Be2 Nxe4 13. Qf5 Bh6+ 14. Kb1
Nd2+ 15. Ka1 Qc8 16. Nxf6+ exf6 17. Qxf6 Rh7 18. Bd3 Ne4 19. Bxe4 Bxe4 20. Qxd6
Ra7 21. Nc6 Bxc6 22. Rhe1+ 1-0

[Event "18th "]
[Site "Senta"]
[Date "2014.07.24"]
[Round "7.6"]
[White "Simonyi, Zoltan"]
[Black "Drogovoz, Maria"]
[Result "1-0"]
[WhiteElo "2262"]
[BlackElo "1952"]
[PlyCount "145"]
[EventDate "2014.07.19"]

1. Nf3 Nf6 2. c4 g6 3. Nc3 d5 4. e3 Bg7 5. b3 O-O 6. Bb2 c5 7. Nxd5 Nxd5 8.
Bxg7 Kxg7 9. cxd5 Qxd5 10. Bc4 Qd6 11. Qc2 Nc6 12. Qc3+ Qf6 13. Rc1 Bd7 14. Ng5
Qxc3 15. Rxc3 b6 16. Ke2 h6 17. Ne4 f5 18. Ng3 e5 19. f3 Rad8 20. a3 Na5 21.
Bd3 Be6 22. Rb1 Rf7 23. Bb5 Nb7 24. b4 Rc7 25. d3 a5 26. Rb2 Kf6 27. Ba6 axb4
28. axb4 Nd6 29. bxc5 bxc5 30. Rb6 Kf7 31. Nf1 c4 32. dxc4 Bxc4+ 33. Ke1 Rdd7
34. Rxd6 Rxd6 35. Bxc4+ Kf6 36. Nd2 Rdc6 37. Ke2 g5 38. e4 f4 39. Kd3 Rd6+ 40.
Bd5 Rxc3+ 41. Kxc3 Rb6 42. Bb3 Ra6 43. Kb2 h5 44. h3 Rb6 45. Kc3 Ra6 46. Nb1
Rd6 47. Nd2 Ra6 48. Kd3 Ra1 49. Ke2 Ra3 50. Bd5 Re3+ 51. Kf2 Ra3 52. Kg1 Rd3
53. Nc4 Rb3 54. Kh2 Rb4 55. Nd6 Rb2 56. Ne8+ Kg6 57. Be6 Rd2 58. Bf5+ Kf7 59.
Nc7 Rb2 60. Ne6 Kf6 61. Nc5 Rb5 62. Nd3 Rb3 63. Nc5 Rb5 64. Nd7+ Ke7 65. h4
gxh4 66. Kh3 Rb1 67. Kxh4 Rh1+ 68. Bh3 Kd6 69. Kxh5 Ra1 70. Kg5 Ra8 71. Kf6 Re8
72. Bg4 Re7 73. Nf8 1-0

[Event "18th "]
[Site "Senta"]
[Date "2014.07.24"]
[Round "7.7"]
[White "Kiproski, Branislav"]
[Black "Stanojevic, Branko"]
[Result "1-0"]
[WhiteElo "2139"]
[BlackElo "2251"]
[PlyCount "85"]
[EventDate "2014.07.19"]

1. d4 Nf6 2. Nf3 g6 3. g3 Bg7 4. Bg2 O-O 5. O-O d6 6. c4 c6 7. Nc3 Qa5 8. h3 e5
9. e4 Nbd7 10. Be3 a6 11. Rb1 exd4 12. b4 Qc7 13. Bxd4 Re8 14. Qc2 Ne5 15. Nxe5
dxe5 16. Be3 Be6 17. c5 Rad8 18. Na4 Nd7 19. Rfd1 Nf8 20. Nb6 Rxd1+ 21. Rxd1
Rd8 22. a4 Bf6 23. Bf1 h5 24. Rb1 h4 25. g4 Qe7 26. Qc3 g5 27. Nc4 Bxc4 28.
Bxc4 Rd4 29. Bxd4 exd4 30. Qf3 Ng6 31. Qf5 Kg7 32. Rd1 Be5 33. Rd2 Nf4 34. Bf1
Kh6 35. Qc8 Ne6 36. Bc4 Qf6 37. Bxe6 fxe6 38. Rd3 Qf4 39. Qxe6+ Kg7 40. Qf5
Qh2+ 41. Kf1 Bf4 42. Rxd4 Qxh3+ 43. Ke2 1-0

[Event "18th "]
[Site "Senta"]
[Date "2014.07.24"]
[Round "7.8"]
[White "Nagy, Attila N"]
[Black "Drogovoz, Irina"]
[Result "0-1"]
[WhiteElo "2212"]
[BlackElo "2073"]
[PlyCount "130"]
[EventDate "2014.07.19"]

1. Nf3 Nf6 2. g3 g6 3. Bg2 Bg7 4. O-O O-O 5. c4 d5 6. cxd5 Nxd5 7. Nc3 Nb6 8.
d3 c5 9. Bg5 Nc6 10. Rc1 Be6 11. b3 Nd7 12. Qd2 b6 13. Bh6 Nf6 14. Rfd1 Rc8 15.
Bxg7 Kxg7 16. Qb2 Kg8 17. e3 Qc7 18. d4 cxd4 19. Nxd4 Nxd4 20. Rxd4 Rfd8 21.
Rxd8+ Qxd8 22. Ne2 Qd6 23. Rxc8+ Bxc8 24. Qd4 Qc7 25. Qc3 Qxc3 26. Nxc3 Bd7 27.
Kf1 Kf8 28. Ke2 e5 29. Bb7 Ke7 30. f3 Kd6 31. e4 Ne8 32. Bd5 Ke7 33. Kd3 Nc7
34. Kc4 Be8 35. a4 Kd6 36. Bb7 Bd7 37. Nd1 Ne6 38. Ne3 Nd4 39. f4 Nf3 40. Bd5
f6 41. Bg8 h6 42. Bf7 g5 43. f5 Ke7 44. Bh5 Nd2+ 45. Kd3 Nxb3 46. Nd5+ Kf8 47.
Nxf6 Bxa4 48. Kc4 b5+ 49. Kd5 b4 50. Ng4 Nd2 51. Nxe5 b3 52. Nd3 Bb5 53. Nb2
Nc4 54. Bd1 Nxb2 55. Bxb3 a5 56. e5 a4 57. Ba2 a3 58. Kd6 Bd3 59. g4 Ke8 60. f6
Bc4 61. Bb1 a2 62. Bxa2 Bxa2 63. e6 Nc4+ 64. Kd5 Ne3+ 65. Kd6 Nxg4 0-1

[Event "18th "]
[Site "Senta"]
[Date "2014.07.24"]
[Round "7.9"]
[White "Kecskemeti, Arpad"]
[Black "Kumic, Filip"]
[Result "0-1"]
[WhiteElo "1966"]
[BlackElo "2248"]
[PlyCount "74"]
[EventDate "2014.07.19"]

1. e4 e5 2. Nf3 Nc6 3. Bb5 a6 4. Ba4 Nf6 5. O-O d6 6. Re1 Bd7 7. c3 Be7 8. d4
O-O 9. Nbd2 Re8 10. Nf1 h6 11. Ng3 Bf8 12. h3 b5 13. Bc2 Rb8 14. a4 g6 15. axb5
axb5 16. Be3 exd4 17. Nxd4 Ne5 18. b3 c5 19. Nde2 Bc6 20. f3 Qc7 21. Qd2 Kh7
22. Nf4 Ned7 23. h4 h5 24. Nfxh5 Nxh5 25. Nxh5 gxh5 26. e5+ Kg8 27. Qd3 f5 28.
e6 Ne5 29. Qxf5 Qg7 30. Kh2 Bd5 31. Qxh5 Bxe6 32. Kh1 Bf7 33. Qg5 Be7 34. Qxg7+
Kxg7 35. Bxc5 Bxh4 36. Re4 Rh8 37. g3 Bf6+ 0-1